Antropologia de las adicciones: psicoterapia y rehumanización (Registro nro. 3247)
[ vista simple ]
| 000 -Cabecera | |
|---|---|
| Campo de control de longitud fija | 00733aam a2200265 4500 |
| 005 - Fecha y hora de la última transacción | |
| Campo de control | 20250728172638.0 |
| 008 - Elementos de longitud fija--Información general | |
| Campo de control de longitud fija | 150424b2013 xxu||||| |||| 00| 0 spa d |
| 020 ## - International Standard Book Number | |
| Número Internacional Estándar del Libro (ISBN) | 978993094880 |
| 041 ## - Idioma | |
| Código de idioma | Español |
| 082 ## - Clasificación Decimal Dewey | |
| Número de clasificación | 615.851 C253a |
| 100 ## - Entrada principal--Autor personal | |
| Nombre personal | Cañas Fernández, Jose Luis |
| 9 (RLIN) | 27606 |
| 245 ## - Título propiamente dicho | |
| Título | Antropologia de las adicciones: psicoterapia y rehumanización |
| 260 ## - Pie de imprenta | |
| Lugar de publicación, distribución, etc. | Costa Rica |
| Fecha de publicación, distribución, etc. | 2013 |
| 260 ## - Pie de imprenta | |
| Nombre del editor, distribuidor, etc. | Fundación Costarricense par al Rehumanización |
| 260 ## - Pie de imprenta | |
| Fecha de publicación, distribución, etc. | 2013 |
| 300 ## - Descripción física | |
| Extensión | 520 páginas |
| 490 ## - Serie | |
| Título de la Serie | Temática General |
| 650 ## - Materia general | |
| Temática (materia general) | TERAPIA MENTAL |
| 650 ## - Materia general | |
| Temática (materia general) | PSICOTERAPIA |
| 650 ## - Materia general | |
| Temática (materia general) | ADICCIONES |
| 650 ## - Materia general | |
| Temática (materia general) | TERAPIA DEL CUERPO |
| 650 ## - Materia general | |
| Temática (materia general) | PERSONA ADICTA |
| 650 ## - Materia general | |
| Temática (materia general) | PSICOLOGÍA |
| 942 ## - Punto de acceso adicional KOHA | |
| Tipo de ítem KOHA | Libro |
| Fuente del sistema de clasificación o colocación | Dewey Decimal Classification |
| Signatura completa | Código de barras | Programa Académico | Tipo de ítem |
|---|---|---|---|
| 615.851 C253a | 18205 | Temática General | Libro |